000 00951nmm a2200277 a 4500
001 ocm000587526
003 TR-IsHL
005 20201028121830.0
008 131028s2006 tu tur
007 cr cn
020 _a9789754981797
035 _a587526
_b(N$T)
050 0 4 _aHB21.I58
_bH47 2006
090 0 4 _aHB21.I58
_bH47 2006
100 1 _aHergüner, Mustafa
245 1 0 _aİzmir İktisat Kongresi için İstanbul'da yapılan çalışmalar
_h[electronic resource] /
_cMustafa Hergüner
250 _a1. bs.
260 _aİstanbul :
_bTürk Dünyası Araştırmaları Vakfı Yayınları,
_c2006
300 _a200 p.
650 4 _aEkonomi ve Finans
650 4 _aEconomics and Finance
650 0 _aİktisat kongresi
_x İzmir
650 0 _aEconomics Congress
_x Izmir
650 7 _aBUSINESS & ECONOMICS / General
_2bisacsh
856 4 0 _uhttp://search.ebscohost.com/login.aspx?direct=true&scope=site&db=e011xww&AN=587526
999 _c1542
_d1542